Normal view
MARC view
- الحاسبات الالكترونية-لغات
Entry Topical Term
001 - CONTROL NUMBER
- control field: 30183
003 - CONTROL NUMBER IDENTIFIER
- control field: JO-AjAnu
005 - DATE AND TIME OF LATEST TRANSACTION
- control field: 20230606075109.0
008 - FIXED-LENGTH DATA ELEMENTS
- fixed length control field: 230606|| aca||aabn | a|a d
040 ## - CATALOGING SOURCE
- Original cataloging agency: JO-AjAnu
- Transcribing agency: JO-AjAnu
150 ## - HEADING--TOPICAL TERM
- Topical term or geographic name entry element: الحاسبات الالكترونية-لغات
670 ## - SOURCE DATA FOUND
- Source citation: Work cat.: (JO-AjAnu)15502: يرش، يوريك, author 30182, علم نفسك مبادىء البرمجة في 24 ساعة